A clash of cultures : (Record no. 283720)
[ view plain ]
| 000 -LEADER | |
|---|---|
| fixed length control field | 00699nam a2200181 a 4500 |
| 008 - FIXED-LENGTH DATA ELEMENTS--GENERAL INFORMATION | |
| fixed length control field | |
| 020 ## - INTERNATIONAL STANDARD BOOK NUMBER | |
| International Standard Book Number | 9789712724459 |
| 050 00 - LIBRARY OF CONGRESS CALL NUMBER | |
| Classification number | BX4857 |
| Item number | .M34 2011 |
| 100 1# - MAIN ENTRY--PERSONAL NAME | |
| Personal name | Maggay, Melba Padilla. |
| 245 12 - TITLE STATEMENT | |
| Title | A clash of cultures : |
| Remainder of title | early American Protestant missions and Filipino religious consciousness / |
| Statement of responsibility, etc | Melba Padilla Maggay. |
| 260 ## - PUBLICATION, DISTRIBUTION, ETC. (IMPRINT) | |
| Place of publication, distribution, etc | Manila : |
| Name of publisher, distributor, etc | Anvil, |
| Date of publication, distribution, etc | c2011. |
| 300 ## - PHYSICAL DESCRIPTION | |
| Extent | xix, 235 p. ; |
| Dimensions | 23 cm. |
| 650 #0 - SUBJECT ADDED ENTRY--TOPICAL TERM | |
| Topical term or geographic name as entry element | Protestantism |
| Geographic subdivision | Philippines |
| General subdivision | History. |
| 650 #0 - SUBJECT ADDED ENTRY--TOPICAL TERM | |
| Topical term or geographic name as entry element | Religion and politics |
| Geographic subdivision | Philippines |
| General subdivision | History. |
| 650 #0 - SUBJECT ADDED ENTRY--TOPICAL TERM | |
| Topical term or geographic name as entry element | Christianity and politics |
| General subdivision | Philippines |
| -- | History. |
| 651 #0 - SUBJECT ADDED ENTRY--GEOGRAPHIC NAME | |
| Geographic name | Philippines |
| General subdivision | Politics and Government |
| Chronological subdivision | 1898-1946. |
| 942 ## - ADDED ENTRY ELEMENTS (KOHA) | |
| Source of classification or shelving scheme | Library of Congress Classification |
| Item type | Books |
| Withdrawn status | Lost status | Source of classification or shelving scheme | Damaged status | Home library | Current library | Shelving location | Date acquired | Total Checkouts | Full call number | Barcode | Date last seen | Price effective from | Koha item type |
|---|---|---|---|---|---|---|---|---|---|---|---|---|---|
| Library of Congress Classification | College Library | College Library | Filipiniana Section | 03/04/2015 | BX4857 .M193 2011 | C14325 | 05/08/2018 | 03/04/2015 | Books |